| 000 | 00450cam a22001934a 4500 | ||
|---|---|---|---|
| 005 | 20250826125622.0 | ||
| 008 | 250528s ||||||||||||||||||||||||d | ||
| 035 | _a22642 | ||
| 020 | _a9780131668362 | ||
| 040 |
_aGR-AtMCL _bgre _dGR-AtMCL _eAACR2 |
||
| 245 | 1 | _aCOMPUTER NETWORKS | |
| 250 | _a2 | ||
| 260 |
_bPrentice Hall, _c1989 |
||
| 300 | _a658 | ||
| 700 | 1 |
_aTanenbaum, Andrew S. _9838 |
|
| 942 | _cBK | ||
| 999 |
_c7690 _d7690 |
||